Raf Camora, Ahmad Amin Strada Lyrics - Statistiken

Allgemein
  • Dieses Quiz wurde 29 mal gespielt
  • Das Durchschnittsergebnis liegt bei 215 aus 321
Antwortstatistiken
Antwort % Korrekt
alle
100%
Alles
96%
alles
96%
strada
96%
Strada
96%
was
96%
Was
96%
bin
92%
dank
92%
der
92%
ich
92%
Ich
92%
die
75%
vor
75%
Weg
75%
geh
71%
immer
71%
Komm
71%
mein
71%
nach
71%
weiter
71%
du
67%
ist
67%
ja
67%
Ja
67%
vorn
67%
wie
67%
will
67%
zu
67%
auf
63%
Brüder
63%
Bruder
63%
es
63%
ihr
63%
kommt
63%
mir
63%
nie
63%
Probleme
63%
sie
63%
Sie
63%
sind
63%
war
63%
weiß
63%
wenn
63%
ah
58%
bei
58%
Diese
58%
dieser
58%
dir
58%
einen
58%
hab
58%
in
58%
kein
58%
mich
58%
Montana
58%
nicht
58%
normal
58%
Pläne
58%
Tony
58%
welt
58%
Welt
58%
wer
58%
zweit
58%
am
54%
aus
54%
denk
54%
Doch
54%
doch
54%
Ende
54%
gewinnen
54%
hässlich
54%
kennen
54%
King
54%
mehr
54%
Meine
54%
meine
54%
meinen
54%
Möbel
54%
Nur
54%
packen
54%
runter
54%
sag
54%
schön
54%
suchen
54%
Tag
54%
tun
54%
Und
54%
von
54%
werd
54%
Wien
54%
willst
54%
würdest
54%
Barbie
50%
Bau
50%
bisschen
50%
bringn
50%
Das
50%
das
50%
dich
50%
erleb
50%
Frauen
50%
Geb
50%
holt
50%
Keine
50%
keine
50%
lass
50%
Liebe
50%
Panik
50%
siehst
50%
Türkei
50%
verbluten
50%
vergesse
50%
wird
50%
zeigt
50%
dreckig
46%
Ekipa
46%
hier
46%
kleine
46%
komme
46%
Straße
46%
vorbei
46%
weinen
46%
allein
42%
an
42%
lauf
42%
Mann
42%
ne
42%
Respekt
42%
Schuhen
42%
spiel
42%
Armen
38%
aufm
38%
Baby
38%
Line
38%
Amin
33%
Gruß
33%
ihnen
33%
leg
33%
oh
33%
Phone
33%
Straßen
33%
Wesh
33%
ey
29%
halt
29%
auch
25%
Bist
25%
live
25%
meim
17%
Gasi
13%
zugleichh
4%
Ekipah
0%
Keine übereinstimmenden Quizze gefunden
Verteilung der Resultate
Anzahl Personen mit jedem Resultat
Perzentil nach korrekt beantworteten Fragen
Ihre Resultats-Entwicklung
Sie haben dieses Quiz noch nicht gespielt